[Event "Sanxenxo Carlos op 7th"]
[Site "Sanxenxo"]
[Date "2015.06.20"]
[Round "1"]
[White "Hoffman, Alejandro"]
[Black "Fernandez Getino, Oscar"]
[Result "1-0"]
[WhiteElo "2456"]
[BlackElo "1944"]
[PlyCount "47"]
[EventDate "2015.06.20"]
[EventType "swiss"]
[EventRounds "9"]
[EventCountry "ESP"]
[SourceTitle "CBM 167 Extra"]
[Source "ChessBase"]
[SourceDate "2015.09.14"]
[SourceVersion "1"]
[SourceVersionDate "2015.09.14"]
[SourceQuality "1"]

1. d4 Nf6 2. Nf3 d5 3. c4 e6 4. e3 Be7 5. Nc3 0-0 6. Bd3 dxc4 7. Bxc4 c5 8. 0-0 Nc6 9. a3 a6 10. Bd3 Kh8 11. dxc5 Bxc5 12. b4 Be7 13. Bb2 e5 14. h3 Be6 15. Ng5 Bb3 16. Qxb3 Qxd3 17. Nxf7+ Rxf7 18. Qxf7 Qc2 19. Qa2 Qf5 20. Rad1 e4 21. Ne2 Qh5 22. Ng3 Qb5 23. Bxf6 Bxf6 24. Nxe4 1-0